000 00569nam a2200205 a 4500
005 20140311163023.0
008 070924s19uu xx 00 eng d
020 _a9812471650
050 _aHD 58.7
_b.K75 2005
100 _aKreitner, Robert
245 _aOrganizational Behavior. /
_cRobert Krietner. Angelo Kinicki.
250 _a6th ed.
260 _aAsia :
_bMcGraw-Hill, Inc,
_c2005.
300 _a833 p. :
_bill. ;
_c23 cm.
521 _aBSBA
650 _aOrganizational Behavior.
700 _aKinicki, Angelo
942 _cBK
_2lcc
_kFOR
999 _c39496
_d39496